| 000 | 01101cam a22003257a 4500 | ||
|---|---|---|---|
| 003 | CHAP | ||
| 005 | 20220329142319.0 | ||
| 008 | 000612d1996 mx ab r 00110 esp d | ||
| 010 | _a81510 | ||
| 011 | _a82482 | ||
| 035 | _a92979 | ||
| 040 | _cCHAP | ||
| 082 | 0 | 4 |
_a591 _bU7 |
| 100 | 0 | 0 |
_aUrbina Torres, Fernando. _9116872 |
| 245 | 1 | 0 |
_aAves rapaces de México _c/por Fernando Urbina Torres |
| 260 |
_aCuernavaca, Mor. : _bUniversidad Autónoma del Estado de Morelos. Centro de Investigaciones Biológicas, _c1996. |
||
| 300 |
_a136 p. : _bilus. ; mapas |
||
| 590 |
_aBATCH-UPD _b10 _c20130110 _lUCH01 _h0517 |
||
| 590 |
_aBATCH-UPD _b10 _c20130110 _lUCH01 _h2250 |
||
| 590 |
_aBATCH-UPD _b10 _c20130410 _lUCH01 _h0155 |
||
| 590 |
_aBATCH-UPD _b10 _c20130914 _lUCH01 _h0438 |
||
| 590 |
_aCONVERSION _b10 _c20130109 _lUCH01 _h1345 |
||
| 650 | 1 | 4 |
_aAves de caza _zMéxico. _98635 |
| 650 | 1 | 4 |
_aAves _xHábitos y conducta. _98611 |
| 650 | 1 | 4 |
_aAves _xIdentificación. _98612 |
| 901 | _aBK | ||
| 905 | _aGuadalupe Pinto C. | ||
| 942 | _cLIBRO | ||
| 949 |
_a591 U7 _bBC _cESP _d33724000782504 _eESP _h98208 _i92979 _sb |
||
| 999 |
_c81510 _d81510 |
||